Score 0/15 Timer 03:00
2 Plays Today
% Correct
Donald Trump
(played by Alec Baldwin)
97%
Abraham Lincoln
(played by Darrell Hammond)
96.5%
Bill Clinton
(played by Darrell Hammond)
95.1%
Barack Obama
(played by Jay Pharoah)
93.9%
Ronald Reagan
(played by Robin Williams)
92.9%
George Washington
(played by Russell Brand)
91%
George W. Bush
(played by Will Ferrell)
87.6%
John F. Kennedy
(played by Joe Piscopo)
86.9%
% Correct
Jimmy Carter
(played by Dana Carvey)
82.6%
Richard Nixon
(played by Dan Aykroyd)
81.1%
Franklin D. Roosevelt
(played by Bill Hader)
79.9%
Theodore Roosevelt
(played by Kenan Thompson)
79.6%
George H.W. Bush
(played by Dana Carvey)
78.9%
Thomas Jefferson
(played by Robert De Niro)
76%
Gerald Ford
(played by Chevy Chase)
75.9%
Remove Ads.
Support Sporcle.
Get the best of Sporcle when you Go Orange. This ad-free experience offers more features, more stats, and more fun while also helping to support Sporcle. Thank you for becoming a member.

You're not logged in!

Compare scores with friends on all Sporcle quizzes.
OR
Log In

Show Comments

Extras

Top Quizzes Today


Score Distribution

Your Account Isn't Verified!

In order to create a playlist on Sporcle, you need to verify the email address you used during registration. Go to your Sporcle Settings to finish the process.

Report this User

Report this user for behavior that violates our Community Guidelines.

Details: